LEADER 01156nam a2200289 u 4500 001 000000073951 003 CaOOAMICUS 005 20070226122416.0 008 021127s2002 it u000 u ita u 020 $a8821305015 035 $a10946132 040 $aPUL$bita 245 00$aCultura educazione formazione :$boggi, tra Francia e Italia /$ca cura di Carlo Nanni. 260 $aRoma :$bLAS,$cc2002. 300 $a200 p. ;$c17 cm 490 1 $aIeri oggi domani ;$v37 504 $aBibliografia in nota. 650 4$aFilosofia e scienze sociali.$0(OLS)http://pul/subject/8503 700 1 $aNanni, Carlo.$0(OLS)http://pul/name/22012 830 0$aIeri oggi domani ;$v37.$0(OLS)http://pul/title/61899 850 $aPUL 852 $aPUL$W1$xSL Religione 2$y84$mRH E3 61$j95490$nBK-PRI$b $qStampati altre collocazioni$B95490$CPULBib$Z2$F95490 $H $81 941 1 $a10 961 $aINV: 90500 996 $6020$a8821305015$9(OLS)http://pul/number/95576 996 $6245$aCultura educazione formazione :$boggi, tra Francia e Italia$9(OLS)http://pul/title/97194 996 $6260$aRoma :$bLAS$9(OLS)http://pul/publisher/48069 LEADER 01245nam a2200253 u 4500 001 000000106250 003 CaOOAMICUS 005 20070712102035.0 008 070712s1943 sp u000 u spa u 040 $aPUL$bita$dLDB 041 1 $aspa$hpor 100 1 $aMartins, Diamantino,$cS.I.$0(OLS)http://pul/name/65231 245 10$aBergson :$bla intuición como método en la metafísica /$cpor Diamantino Martins ; vérsion española del original portugués por José Hermida López. 260 $aMadrid :$b[s. n.],$c1943. 300 $a320 p. ;$c22 cm 500 $aIn testa al front. : Consejo Superior de investigaciones científicas, Instituto de filosofia "Luis Vives", serie B-num. III. 504 $aBibliografia: p. [303]-320. 600 14$aBergson, Henri,$d1859-1941.$0(OLS)http://pul/subject/1597 710 2 $aConsejo Superior de Investigaciones Científicas (Spagna).$0(OLS)http://pul/name/3069 850 $aPUL 852 $aPUL$W1$xDP2 Filosofia 1$y62$m90 B 14$j119397$qStampati$B119234$CPULBib$Z2$F119234 $H11138 $81 941 1 $a8 996 $6245$aBergson :$bla intuición como método en la metafísica$9(OLS)http://pul/title/133801 996 $6260$aMadrid :$b[s. n.]$9(OLS)http://pul/publisher/53014